[Event "RUS-chT U14"]
[Site "Sochi"]
[Date "2016.05.03"]
[Round "3.1"]
[White "Tsymbal, Evgeny"]
[Black "Zemnitskiy, Alexander"]
[Result "0-1"]
[WhiteElo "1652"]
[BlackElo "2024"]
[PlyCount "126"]
[EventDate "2016.05.01"]
[EventType "team-tourn"]
[EventRounds "9"]
[EventCountry "RUS"]
[SourceTitle "EXT 2018"]
[Source "ChessBase"]
[SourceDate "2017.10.13"]
[SourceVersion "1"]
[SourceVersionDate "2017.10.13"]
[SourceQuality "1"]

1. d4 Nf6 2. Nf3 e6 3. e3 c5 4. Bd3 d5 5. b3 Nc6 6. a3 Qc7 7. Bb2 Bd6 8. 0-0 e5 9. dxe5 Nxe5 10. Nxe5 Bxe5 11. Bxe5 Qxe5 12. Nd2 0-0 13. Nf3 Qh5 14. h3 Rd8 15. Nh2 Qe5 16. Re1 Ne4 17. Bxe4 Qxe4 18. f3 Qg6 19. Kh1 Bf5 20. Rc1 Qg3 21. Re2 a5 22. Nf1 Qe5 23. Kg1 Bg6 24. g4 Qe7 25. f4 Be4 26. Qe1 a4 27. Ra1 axb3 28. cxb3 Bd3 29. Rd2 Bxf1 30. Kxf1 Qe4 31. Kf2 Re8 32. Qe2 d4 33. Re1 Rxa3 34. Rd3 g6 35. Kg3 Qxe3+ 36. Rxe3 Rxe3+ 37. Qxe3 dxe3 38. Rxe3 c4 39. Re8+ Kg7 40. Kh4 Rxb3 41. f5 h6 42. fxg6 fxg6 43. g5 hxg5+ 44. Kxg5 Kf7 45. Rc8 Rb5+ 46. Kg4 Rb4 47. Kg5 b5 48. Rc7+ Ke6 49. Kxg6 Rb3 50. Rb7 Rg3+ 51. Kh5 Rxh3+ 52. Kg4 Rb3 53. Kf4 c3 54. Ke3 b4 55. Kd3 Rb2 56. Rc7 Kd6 57. Rc4 Kd5 58. Rc8 Rd2+ 59. Ke3 Rh2 60. Kd3 Rh3+ 61. Kc2 Rh2+ 62. Kb3 Rb2+ 63. Ka4 c2 0-1